[Event "Dortmund Sparkassen op-A 51st"]
[Site "Dortmund"]
[Date "2024.08.16"]
[Round "7"]
[White "Thiemann, Marc"]
[Black "Karaissaridis, Christos"]
[Result "1/2-1/2"]
[WhiteElo "1974"]
[BlackElo "1902"]
[PlyCount "111"]
[EventDate "2024.08.10"]
[EventType "swiss"]
[EventRounds "9"]
[EventCountry "GER"]
[SourceTitle "CBM 221 Extra"]
[Source "ChessBase"]
[SourceDate "2024.09.30"]
[SourceVersion "1"]
[SourceVersionDate "2024.09.30"]
[SourceQuality "1"]

1. e4 d6 2. d4 Nf6 3. Nc3 g6 4. Bc4 Bg7 5. Qe2 Nc6 6. e5 Ng4 7. Bb5 0-0 8. Bxc6 bxc6 9. h3 Nh6 10. Nf3 a5 11. Bg5 f6 12. Bxh6 Bxh6 13. Qc4+ Kh8 14. Qxc6 Rb8 15. exd6 exd6 16. Nd1 Rb6 17. Qc3 Re8+ 18. Kf1 Qe7 19. Ne3 Bxe3 20. Re1 Ba6+ 21. Kg1 Bxf2+ 22. Kxf2 Qf7 23. d5 Rbb8 24. Qd4 Kg8 25. b3 Bb5 26. c4 Bd7 27. Qc3 a4 28. Nd4 axb3 29. axb3 Re5 30. Re3 Ra8 31. Rhe1 h5 32. Nf3 Ra2+ 33. R1e2 Rxe2+ 34. Kxe2 Re7 35. Rxe7 Qxe7+ 36. Qe3 Qf7 37. Qa7 Bf5 38. Qb8+ Kg7 39. Qd8 Qd7 40. Qxd7+ Bxd7 41. Nd4 Kf7 42. Ke3 h4 43. b4 f5 44. Nc6 Kf6 45. b5 g5 46. Nb8 Bc8 47. Na6 Ke5 48. Nxc7 g4 49. hxg4 fxg4 50. Ne8 h3 51. gxh3 gxh3 52. Kf3 Kd4 53. Nxd6 Bg4+ 54. Kxg4 h2 55. Nf5+ Kxc4 56. Ng3 1/2-1/2

[Event "Dortmund Sparkassen op-A 51st"]
[Site "Dortmund"]
[Date "2024.08.15"]
[Round "6"]
[White "Akhmatovski, Maxim"]
[Black "Thiemann, Marc"]
[Result "1-0"]
[WhiteElo "2078"]
[BlackElo "1974"]
[PlyCount "47"]
[EventDate "2024.08.10"]
[EventType "swiss"]
[EventRounds "9"]
[EventCountry "GER"]
[SourceTitle "CBM 221 Extra"]
[Source "ChessBase"]
[SourceDate "2024.09.30"]
[SourceVersion "1"]
[SourceVersionDate "2024.09.30"]
[SourceQuality "1"]

1. c4 Nf6 2. g3 c5 3. Bg2 Nc6 4. Nc3 g6 5. Nf3 Bg7 6. d4 cxd4 7. Nxd4 0-0 8. 0-0 Qb6 9. Nc2 d6 10. b3 Ng4 11. Bd2 e6 12. h3 Nge5 13. Rc1 a6 14. Na4 Qc7 15. Be3 b5 16. cxb5 axb5 17. Nb6 Bb7 18. Nxa8 Rxa8 19. Nd4 Qd7 20. Nxb5 Nb4 21. Rc7 Bxg2 22. Rxd7 Bxf1 23. Rxd6 Bxh3 24. Rd8+ 1-0

[Event "Dortmund Sparkassen op-B"]
[Site "Dortmund"]
[Date "2014.07.16"]
[Round "5"]
[White "Biermann, Florian2"]
[Black "Thiemann, Marc"]
[Result "0-1"]
[WhiteElo "1725"]
[BlackElo "1548"]
[PlyCount "42"]
[EventDate "2014.07.12"]
[EventType "swiss"]
[EventRounds "9"]
[EventCountry "GER"]
[SourceTitle "EXT 2022"]
[Source "ChessBase"]
[SourceDate "2021.10.06"]
[SourceVersion "1"]
[SourceVersionDate "2021.10.06"]
[SourceQuality "1"]

1. d4 d5 2. c4 e6 3. Nf3 Nf6 4. Nc3 c5 5. cxd5 exd5 6. e3 c4 7. Be2 Bb4 8. 0-0 Nc6 9. Qc2 0-0 10. Rd1 Bxc3 11. bxc3 Ne4 12. Bxc4 Bf5 13. Bd3 Rc8 14. Nd2 Nb4 15. cxb4 Rxc2 16. Bxc2 Nxf2 17. Kxf2 Bxc2 18. Re1 Qh4+ 19. g3 Qxh2+ 20. Kf3 f5 21. Re2 Bd1 0-1

[Event "GER-chT U12"]
[Site "Gross Doelln"]
[Date "2010.12.29"]
[Round "6.4"]
[White "Thiemann, Marc"]
[Black "Tong, Kevin"]
[Result "1/2-1/2"]
[WhiteElo "1099"]
[BlackElo "1407"]
[PlyCount "116"]
[EventDate "2010.12.27"]
[EventType "team-swiss"]
[EventRounds "7"]
[EventCountry "GER"]
[SourceTitle "CBM 140 Extra"]
[Source "ChessBase"]
[SourceDate "2011.03.01"]
[SourceVersion "1"]
[SourceVersionDate "2011.03.01"]
[SourceQuality "1"]
[WhiteTeam "Brackel U12"]
[BlackTeam "Erlangen U12"]
[WhiteTeamCountry "GER"]
[BlackTeamCountry "GER"]

1. e4 c5 2. d3 d6 3. Nf3 Nc6 4. g3 g6 5. Bg2 Bg7 6. 0-0 Nf6 7. Nh4 0-0 8. f4 Bg4 9. Bf3 Bxf3 10. Qxf3 Nd4 11. Qg2 Qb6 12. c3 Nc6 13. Be3 Qc7 14. Nd2 b5 15. f5 Ng4 16. Qe2 Nxe3 17. Qxe3 a5 18. a3 b4 19. Rac1 Rab8 20. Ndf3 Rfc8 21. d4 cxd4 22. cxd4 Qa7 23. Rfd1 bxa3 24. bxa3 a4 25. Kh1 Rb3 26. Rc3 Rxc3 27. Qxc3 Qa6 28. Qe1 Na5 29. e5 d5 30. Qb4 Nc6 31. Qe1 Bh6 32. e6 Nd8 33. exf7+ Kxf7 34. fxg6+ hxg6 35. Ne5+ Kg7 36. Nexg6 Qe6 37. Qxe6 Nxe6 38. Nxe7 Rc3 39. Nxd5 Rxa3 40. Nf5+ Kh7 41. Nxh6 Kxh6 42. Nb6 Ra2 43. d5 Nd8 44. Nc4 a3 45. h4 Kh5 46. d6 Kg6 47. g4 Kg7 48. d7 Kg8 49. g5 Kg7 50. h5 Re2 51. Nxa3 Re5 52. h6+ Kh7 53. Rg1 Re7 54. Kh2 Rxd7 55. Nc4 Ne6 56. Ne5 Rc7 57. Nf7 Kg6 58. Ne5+ Kh7 1/2-1/2

[Event "Dortmund Sparkassen op-B"]
[Site "Dortmund"]
[Date "2010.07.23"]
[Round "7"]
[White "Thiemann, Marc"]
[Black "Nolte, Katharina"]
[Result "1/2-1/2"]
[WhiteElo "835"]
[BlackElo "1291"]
[PlyCount "92"]
[EventDate "2010.07.17"]
[EventType "swiss"]
[EventRounds "9"]
[EventCountry "GER"]
[SourceTitle "EXT 2014"]
[Source "ChessBase"]
[SourceDate "2013.11.20"]
[SourceVersion "1"]
[SourceVersionDate "2013.11.20"]
[SourceQuality "1"]

1. e4 c5 2. c4 Nc6 3. Nc3 g6 4. Nf3 Bg7 5. Ne2 d6 6. d4 cxd4 7. Nexd4 Bg4 8. Nxc6 bxc6 9. Be2 Nf6 10. h3 Be6 11. Bd3 0-0 12. 0-0 Qb6 13. Rb1 Rfd8 14. Be3 c5 15. b4 Qc7 16. bxc5 dxc5 17. Qe2 Nh5 18. Ng5 Be5 19. Nf3 Nf4 20. Bxf4 Bxf4 21. e5 Rab8 22. Qe4 Bf5 23. Qxf4 Bxd3 24. Rxb8 Qxb8 25. Rd1 Bb1 26. Rxd8+ Qxd8 27. a3 Bf5 28. Qh6 Qf8 29. Qe3 Qc8 30. Nh4 Be6 31. Qc3 Kf8 32. g4 Ke8 33. f3 Qa6 34. Qb3 Bxc4 35. Qe3 Kd7 36. Qxc5 Qb6 37. Qxb6 axb6 38. f4 e6 39. g5 Kc6 40. Nf3 Kb5 41. Nd2 Bd3 42. Kf2 Ka4 43. Ke3 Bc2 44. Kd4 Kxa3 45. Nc4+ Kb4 46. Nxb6 Bb3 1/2-1/2